| 000 | 00855nam a2200229 a 4500 | ||
|---|---|---|---|
| 001 | 000828346 | ||
| 003 | AM-YEHGA | ||
| 005 | 20250617144700.0 | ||
| 008 | 110826s1983 ru a|||gr|||||||||1|rus|d | ||
| 040 | _aAM-YeHGA | ||
| 041 | 1 |
_arus _hbul |
|
| 100 | 1 | _aЙосифова, Бригита | |
| 245 | 1 | 0 |
_aДекабристы : _b[Художественно-документальная повесть] / _cБ. Йосифова ; Пер. с болг. А.М. Коренькова. |
| 260 |
_aМосква : _bПрогресс, _c1983. |
||
| 300 |
_a384 с. : _b[8] л. ил. |
||
| 653 | 0 | _aДекабристы | |
| 653 | 0 | _aРеволюционное движение в России - 19 в. | |
| 700 | 1 |
_aКореньков, А.М. _eпер. _4trl |
|
| 700 | 1 |
_aФедоров, В.А. _eпредисл. _4aui |
|
| 942 |
_2udc _cBK |
||
| 090 | _c300589 | ||
| 999 |
_c298895 _d298895 |
||